000 02822cam a2200313 4500500
005 20260322002448.0
041 _afre
042 _adc
100 1 0 _aChampagne-Lavau, Maud
_eauthor
700 1 0 _aMonetta, Laura
_eauthor
700 1 0 _aMoreau, Noémie
_eauthor
245 0 0 _aImpact of educational level on metaphor processing in older adults
260 _c2012.
500 _a23
520 _aRésuméLa capacité à comprendre le langage non littéral est une composante essentielle de notre communication quotidienne et un amoindrissement de cette capacité pourrait avoir un impact sur notre vie sociale ; très peu d’études ont cependant examiné la façon dont le niveau d’éducation affecte cette capacité chez les personnes âgées. Comprendre les métaphores, comme beaucoup d’autres énoncés non littéraux, produit une apparente nécessité d’aller par-delà de ce qui est littéralement dit pour appréhender l’intention de communication du locuteur et, par conséquent, le sens de ses énoncés. Le but de cette étude était d’évaluer l’effet du niveau d’éducation sur la compréhension des métaphores chez des individus âgés. Les participants âgés droitiers ont été évalués en utilisant un paradigme d’amorçage sémantique. Les résultats montrent que le niveau d’éducation des participants joue un rôle important dans le traitement de la métaphore.
520 _aThe ability to understand non-literal language is an essential component of daily language use and an impairment of this ability could have an impact on individual social life. However, very few studies have examined how the educational level affects this ability in older adults. Understanding metaphors, like many other non-literal language processes, produces an apparent need to go beyond what is literally stated in order to apprehend speakers’ communicative intent and, consequently, the meanings of utterances. The aim of this study was to assess the effect of educational level on metaphor understanding in older adults. Older right-handed participants were evaluated using a semantic priming paradigm. The results revealed that the participants’ educational level plays an important part in metaphor processing.
690 _alangage non littéral
690 _amétaphore
690 _amodèle de saillance
690 _aniveau d'éducation
690 _avieillissement
690 _aaging
690 _aeducational level
690 _agraded salience hypothesis
690 _ametaphor
690 _anon-literal language
786 0 _nRevue française de linguistique appliquée | XVII | 2 | 2012-12-01 | p. 89-100 | 1386-1204
856 4 1 _uhttps://shs.cairn.info/journal-revue-francaise-de-linguistique-appliquee-2012-2-page-89?lang=en&redirect-ssocas=7080
999 _c1723634
_d1723634